00473nam a2200145 a 4500008004100000040002500041041000800066044001100074100002800085245008200113260004200195300001100237500007200248020000700320960906s1955 m yxo 0 slo c aSNKbslocSNKeAACR21 aslo axocSK1 aZavarský, Ernest4aut10aJán Levoslav BellabŽivot a dielo (J.L.B. Leben und WerkcErnest Zavarsky aBratislavabVydavateľstvo SAVc1955 a497 s. aRec.: Schlandt, Hermann. Südost-Forschungen. Bd. 16/1. S. 199-200 c94